000 00216nam a2200097Ia 4500
008 230605s9999 xx 000 0 und d
041 _aeng
100 _aBlitizer
245 _aFind the Bathroom First
650 _aH.K.
999 _c416962
_d416962